|
|
|
|
| LEADER |
00741cam a2200241 7i4500 |
| 001 |
0000036058 |
| 005 |
20190725090000.0 |
| 007 |
##ta |
| 008 |
190725t2018 my eng |
| 022 |
0 |
# |
|a 02196999
|
| 040 |
# |
# |
|a MATR
|
| 090 |
0 |
0 |
|a SING 381.1025
|b SIN
|
| 245 |
0 |
0 |
|a Singapore CONVENTION & EXHIBITION DIRECTORY 2019.
|
| 264 |
# |
4 |
|a ♭2018.
|
| 264 |
# |
1 |
|a Singapore:
|b Marshall Cavendish,
|c 2018.
|
| 300 |
# |
# |
|a 268 pages:
|b illustrations;
|c 30 cm.
|
| 336 |
# |
# |
|a text
|2 rdacontent
|
| 337 |
# |
# |
|a unmediated
|2 rdamedia
|
| 338 |
# |
# |
|a volume
|2 rdacarrier
|
| 650 |
1 |
0 |
|a Exhibitions --
|z Singapore
|
| 650 |
2 |
0 |
|a Conventions --
|z Singapore
|
| 650 |
2 |
0 |
|a Conventions facilities
|
| 999 |
|
|
|a 0000040710
|b Directories
|c Countries
|e Business Information Centre
|